Mujer campesina: Experiencias de investigación y capacitación /
Salvato in:
| Natura: | Libro |
|---|---|
| Lingua: | Spanish |
| Pubblicazione: |
Perú:
CIPCA,
1986
|
| Tags: |
Aggiungi Tag
Nessun Tag, puoi essere il primo ad aggiungerne!!
|
MARC
| LEADER | 00000nam a22000007a 4500 | ||
|---|---|---|---|
| 003 | cru CIDCACS | ||
| 005 | 20240807134940.0 | ||
| 008 | 240807t1986 pe |||||r|||| 00| 0|spa d | ||
| 040 | |c cru CIDCACS/IIS | ||
| 090 | |a 05.03.03 F363m | ||
| 245 | |a Mujer campesina: |b Experiencias de investigación y capacitación / |c Edición Blanca Fernández Montenegro | ||
| 260 | |a Perú: |b CIPCA, |c 1986 | ||
| 300 | |a 143 páginas | ||
| 942 | |2 ddc |c LI | ||
| 999 | |c 42285 |d 42285 | ||
